<?xml version="1.0" encoding="UTF-8"?>
<record
    xmlns:xsi="http://www.w3.org/2001/XMLSchema-instance"
    xsi:schemaLocation="http://www.loc.gov/MARC21/slim http://www.loc.gov/standards/marcxml/schema/MARC21slim.xsd"
    xmlns="http://www.loc.gov/MARC21/slim">

  <leader>00910nam a2200217   4500</leader>
  <controlfield tag="001"> 84968</controlfield>
  <controlfield tag="003">BD-RjUL</controlfield>
  <controlfield tag="005">20250521120923.0</controlfield>
  <controlfield tag="008">250521s1962    pk ||||| |||| 00| 0curd d</controlfield>
  <datafield tag="035" ind1=" " ind2=" ">
    <subfield code="a">(BD-RjUL) 84968</subfield>
  </datafield>
  <datafield tag="040" ind1=" " ind2=" ">
    <subfield code="a">BD-RjUL</subfield>
    <subfield code="b">eng</subfield>
    <subfield code="c">BD-RjUL</subfield>
  </datafield>
  <datafield tag="041" ind1=" " ind2=" ">
    <subfield code="a">urd</subfield>
  </datafield>
  <datafield tag="082" ind1=" " ind2=" ">
    <subfield code="2">23</subfield>
    <subfield code="a">891.43910922</subfield>
    <subfield code="b">ZOC 1962</subfield>
  </datafield>
  <datafield tag="100" ind1=" " ind2=" ">
    <subfield code="a">&#x632;&#x648;&#x631; &#x60C; &#x633;&#x6CC;&#x62F; &#x645;&#x62D;&#x6CC; &#x627;&#x644;&#x62F;&#x6CC;&#x646; &#x642;&#x627;&#x62F;&#x631;&#x6CC; ;; Zor, Syed Mohiuddin Qadri</subfield>
    <subfield code="9">15629</subfield>
  </datafield>
  <datafield tag="245" ind1=" " ind2=" ">
    <subfield code="a">&#x686;&#x646;&#x62F; &#x634;&#x62E;&#x635;&#x6CC;&#x62A;&#x6CC;&#x6CC; &#x686;&#x646;&#x62F; &#x62A;&#x627;&#x62B;&#x631;&#x627;&#x62A; ;; chand shaqseetyi chand taasarat /</subfield>
    <subfield code="c">&#x633;&#x6CC;&#x62F; &#x645;&#x62D;&#x6CC; &#x627;&#x644;&#x62F;&#x6CC;&#x646; &#x642;&#x627;&#x62F;&#x631;&#x6CC; &#x632;&#x648;&#x631; &#x61B; &#x645;&#x631;&#x62A;&#x628;&#x6C1; &#x645;&#x639;&#x6CC;&#x646; &#x627;&#x644;&#x62F;&#x6CC;&#x646; &#x627;&#x62D;&#x645;&#x62F; &#x627;&#x646;&#x635;&#x627;&#x631;&#x6CC; ;; Syed Mohiuddin Qadri Zur; Patrat Moinuddin Ahmed Ansari </subfield>
  </datafield>
  <datafield tag="260" ind1=" " ind2=" ">
    <subfield code="a">Karachi : </subfield>
    <subfield code="b">Urdu akademy sindh, </subfield>
    <subfield code="c">1962</subfield>
  </datafield>
  <datafield tag="300" ind1=" " ind2=" ">
    <subfield code="a">172 p. ;</subfield>
    <subfield code="c">18 cm</subfield>
  </datafield>
  <datafield tag="650" ind1=" " ind2=" ">
    <subfield code="a">Biography </subfield>
  </datafield>
  <datafield tag="700" ind1=" " ind2=" ">
    <subfield code="a">&#x645;&#x631;&#x62A;&#x628;&#x6C1; ;  &#x627;&#x646;&#x635;&#x627;&#x631;&#x6CC; &#x60C; &#x645;&#x639;&#x6CC;&#x646; &#x627;&#x644;&#x62F;&#x6CC;&#x646; &#x627;&#x62D;&#x645;&#x62F;  ;; Ansari, Moinuddin Ahmed</subfield>
    <subfield code="9">15630</subfield>
  </datafield>
  <datafield tag="942" ind1=" " ind2=" ">
    <subfield code="2">ddc</subfield>
    <subfield code="c">BK</subfield>
  </datafield>
  <datafield tag="999" ind1=" " ind2=" ">
    <subfield code="c">84968</subfield>
    <subfield code="d">84968</subfield>
  </datafield>
  <datafield tag="952" ind1=" " ind2=" ">
    <subfield code="0">0</subfield>
    <subfield code="1">0</subfield>
    <subfield code="2">ddc</subfield>
    <subfield code="4">0</subfield>
    <subfield code="7">1</subfield>
    <subfield code="8">NFIC</subfield>
    <subfield code="a">RUCL</subfield>
    <subfield code="b">RUCL</subfield>
    <subfield code="c">Reading</subfield>
    <subfield code="d">2025-05-21</subfield>
    <subfield code="o">U 891.43910922 ZOC 1962</subfield>
    <subfield code="r">2025-05-21 00:00:00</subfield>
    <subfield code="t">c-1</subfield>
    <subfield code="y">BK</subfield>
  </datafield>
</record>
